000 00707nam a2200241Ia 4500
003 OSt
005 20221007081907.0
006 a|||||r|||| 00| 0
007 ta
008 221006b |||||||| |||| 00| 0 eng d
024 _a27,790
037 _cReports / Technical Reports
040 _aFLL
_cFLL
_beng
041 _2eng
_aeng
082 _aZ73:2, G6.2
110 _aAmerican Law Institute
_9155563
245 0 _aRestatement of the law of property
260 _aSt. Paul ,
_bAmerican La Institute Publishers Minn.
_c1936
300 _aliii,82p
_ccm.
700 _aAmerican Law Institute
_9155565
942 _hZ73:2, G6.2
_cREP
_2CC
999 _c1164618
_d1164618